Combate ̉discriminaȯ̂ no trabalho na Uniô Europeia

Detalles Bibliográficos
Autor principal: Amorim Robortella, Luiz Carlos
Formato: eBook
Lenguaje:portugués
Publicado: San Pablo: LTR, 2017
Materias:
Acceso en línea:Acceso restringido

MARC

LEADER 00000nam a22000007a 4500
005 20180415223057.0
007 cr|||| ||||
008 180415s2017 br |||||s|||| 00||0 por d
020 |a 978-85-361-9450-9 
035 |a 21361 
040 |a vLex 
090 |c 7768  |d 7768 
100 1 |a Amorim Robortella, Luiz Carlos 
245 1 0 |a Combate ̉discriminaȯ̂ no trabalho na Uniô Europeia  |h [Recurso electrn̤ico] /  |c Luiz Carlos Amorim Robortella 
256 |a Servicio en ln̕ea 
260 |a San Pablo:  |b LTR,  |c 2017 
300 |a 1 recurso electrn̤ico 
500 |a Raȧ, religiô, idade e aparn̊cia fs̕ica estô entre os fatores que mais geram discriminaȯ̂ e violaė̳s nas relaė̳s de trabalho. Foram, por isto, escolhidos para servir de base para este estudo. O direito internacional dos direitos humanos promove a reconstruȯ̂ do humanismo e recupera o individualismo massacrado por regimes polt̕icos ditatoriais. A Europa, onde ocorreram as mais br̀baras violaė̳s, desenvolveu enormemente a doutrina dos direitos humanos, mas surgem queste̳s paradoxais. As minorias reivindicam igualdade de direitos sem abrir mô de diferenȧs concretas como religiô, ln̕gua e identidade ťnica. Em outras palavras, pedem um “direito ̉indiferenȧ”. A anl̀ise dos casos concretos julgados pelos tribunais comunitr̀ios europeus permite, didaticamente, uma rica experin̊cia jurd̕ica no campo das relaė̳s de trabalho. 
506 1 |a Disponible solo en los productos indicados  |d vLex Global  |d vLex Global (Academic Edition, excluding Law Schools)  |d vLex Global (U.S. Academic Edition, Law Schools)  |d vLex Global (U.S. Academic Edition, excluding Law Schools)  |d vLex Global (Academic Edition, Law Schools) 
650 0 4 |a Derecho Laboral y Seguridad Social  |z Brasil 
740 0 |a vLex Libros (Servicio en ln̕ea) 
856 4 0 |u http://vlex.com/source/combate-a-discrimina-o-no-trabalho-na-uni-o-europeia-21361  |z Acceso restringido 
942 |c BOOK 
999 0 |a Labor law and social security